| 000 | 00619nam a2200229 a 4500 | ||
|---|---|---|---|
| 999 |
_c4853 _d4853 |
||
| 001 | 4853 | ||
| 003 | BD-JhCC | ||
| 005 | 20171209124303.0 | ||
| 008 | 171204s1962 bg |||| ||a| 000 0 eng d | ||
| 035 | _a(BD-JhCC)4853 | ||
| 040 |
_aBD-JhCC _dBD-JhCC |
||
| 041 | _aeng | ||
| 082 |
_a808.042 _bOLI 1962 |
||
| 100 | _aLancelot, Lancelot | ||
| 245 |
_aEnglish Observed : _bcommon errors in written English / _cLancelot Lancelot |
||
| 260 |
_aLondon : _bOdhams Press Limted, _c1962. |
||
| 300 |
_a127 p. : _c18 cm. |
||
| 650 |
_aEnglish Language _xErros Of Usage |
||
| 651 | _xIdioms | ||
| 942 |
_2ddc _cBK |
||